• 首页
  • 本馆介绍
  • 公告通知
  • 最新文献
  • 馆藏检索
  • 电子资源
  • 读者导购
  • 参考咨询
  • 我的图书馆
  • 登录
  • 详细信息显示
  • 放入我的书架
  • 预约/预借图书
  • 作者相关作品
  • 分类相关作品
  • 丛书相关作品
  • 出版社相关作品

书目信息

  • 表格格式
  • 工作单格式
  • 卡片格式
题名:
创意经济新思维
    
 
作者: 高长春, , 高晗, 著
分册:  
出版信息: 北京   经济管理出版社  2018
页数: 289页
开本: 24cm
丛书名: 海派时尚与创意经济系列丛书
单 册:
中图分类: G114
科图分类:
主题词: 文化产业--研究
电子资源:
ISBN: 978-7-5096-5477-4
000 01748nam 2200313 450
001 2340322558
005 20231212111216.23
010    @a978-7-5096-5477-4@dCNY49.00
100    @a20180429d2018 em y0chiy50 ea
101 0  @achi
102    @aCN@b110000
105    @aak a 000yy
200 1  @a创意经济新思维@Achuang yi jing ji xin si wei@e面向价值思考@d= Creative industry new thinking@evalue oriented thinking@f高长春, 高晗著@zeng
210    @a北京@c经济管理出版社@d2018
215    @a289页@c图@d24cm
225 2  @a海派时尚与创意经济系列丛书@Ahai pai shi shang yu chuang yi jing ji xi lie cong shu
300    @a国家自然科学基金项目 (71373227)、上海市教委科技创新计划资助 (2017-01-07-00-03-E00044)、上海高校知识服务平台项目 (海派时尚设计及价值创造知识服务中心)、中国创意城市研究院等共同资助
314    @a高长春, 男, 汉族, 1964年8月生, 出生于吉林桦甸市, 现任东华大学管理学院教授、经济学博士、博士生导师。高晗, 1989年生, 黑龙江省哈尔滨人, 北京大学政府管理学院应用经济学博士后 (在站) 等。
320    @a有书目 (第281-289页)
330    @a该书是《海派时尚与创意经济》系列丛书中的一本。首先定义创意、创意产业、创意经济等概念; 其次, 分析创意产业协调发展、创意经济核心价值、创意经济福利实现效应; 最后通过典型国家的创意产品贸易竞争力研究, 实证分析了创意中心城市竞争力, 构建我国创意城市指数研究。其评价结果可以为城市政策参与者在发展创意经济方面提供政策决策支持。
410  0 @12001 @a海派时尚与创意经济系列丛书
510 1  @aCreative industry new thinking@evalue oriented thinking@zeng
517 1  @a面向价值思考@Amian xiang jia zhi si kao
606 0  @a文化产业@x研究
690    @aG114@v5
701  0 @a高长春,@Agao chang chun@f1964-@4著
701  0 @a高晗,@Agao han@f1989-@4著
801  0 @aCN@b湖北三新@c20180429
905    @aZUCC@dG114@e14
    
    创意经济新思维:面向价值思考= Creative industry new thinking:value oriented thinking/高长春, 高晗著.-北京:经济管理出版社,2018
    289页:图;24cm.-(海派时尚与创意经济系列丛书)
    国家自然科学基金项目 (71373227)、上海市教委科技创新计划资助 (2017-01-07-00-03-E00044)、上海高校知识服务平台项目 (海派时尚设计及价值创造知识服务中心)、中国创意城市研究院等共同资助
    
    ISBN 978-7-5096-5477-4:CNY49.00
    该书是《海派时尚与创意经济》系列丛书中的一本。首先定义创意、创意产业、创意经济等概念; 其次, 分析创意产业协调发展、创意经济核心价值、创意经济福利实现效应; 最后通过典型国家的创意产品贸易竞争力研究, 实证分析了创意中心城市竞争力, 构建我国创意城市指数研究。其评价结果可以为城市政策参与者在发展创意经济方面提供政策决策支持。
●
相关链接 在五车中查询图书 在当当中查询图书 在豆瓣中查询图书


正题名:创意经济新思维     索取号:G114/14         预约/预借

序号 登录号 条形码 馆藏地/架位号 状态 备注
1 2001429855   2001429855   617书库/ [索取号:G114/14] 在馆    
2 2001429856   2001429856   617书库/ [索取号:G114/14] 在馆    
3 2001429857   2001429857   617书库/ [索取号:G114/14] 在馆    
4 2001429858   2001429858   617书库/ [索取号:G114/14] 在馆    
5 2001429859   2001429859   617书库/ [索取号:G114/14] 在馆    
6 2001429860   2001429860   617书库/ [索取号:G114/14] 在馆    
7 2001429861   2001429861   617书库/ [索取号:G114/14] 在馆    
8 2001429862   2001429862   617书库/ [索取号:G114/14] 在馆    
9 2001429863   2001429863   617书库/ [索取号:G114/14] 在馆    
10 2001429872   2001429872   617书库/ [索取号:G114/14] 在馆    
11 2001429879   2001429879   617书库/ [索取号:G114/14] 在馆    
山东省滨州职业学院图书馆 欢迎您!
大连网信软件有限公司© 版权所有